Kill Bill Cast - Sudden Death - Statistics

General Stats
  • This quiz has been taken 143 times
  • The average score is 4 of 14
Answers on the Grid
Answers color-coded by a green-red scale on the quiz's grid according to % correct below.
Uma Thurman
Diego Luna
Angela Bassett
Mike Shinoda
Larry Bishop
Hiroyuki Sanada
Julie Dreyfus
Danny Trejo
Bill Moseley
Vivica A. Fox
Sonny Chiba
Alexa Davalos
Michael Bowen
Sid Haig
Ken Watanabe
Bai Ling
Chiaki Kuriyama
Emma Stone
Vincent D'Onofrio
Marie de Madeiros
Warren Beatty
Gordon Liu
Lucy Liu
Lee Jung-jae
Michael Madsen
Samuel L. Jackson
Richard Dreyfuss
Awkwafina
Daryl Hannah
David Carradine
 
Answer Stats
Answer % Correct
Uma Thurman
98%
Lucy Liu
51%
Vivica A. Fox
45%
David Carradine
38%
Daryl Hannah
37%
Michael Madsen
34%
Samuel L. Jackson
33%
Gordon Liu
21%
Chiaki Kuriyama
20%
Julie Dreyfus
19%
Sonny Chiba
19%
Larry Bishop
9%
Michael Bowen
7%
Sid Haig
5%
No matching quizzes found
Score Distribution
Percent of People with Each Score
Percentile by Number Answered
Your Score History
You have not taken this quiz